Ropa
Z obsahu: Od prvého veľkého ropného šoku uplynulo 25 rokov. Tohtoročný pád cien ropy prudko znížil zisky producentov ropy a núti aj najväčších z nich k fúziám. Rusko tento rok stratí v dôsledku poklesu cien ropy vyše šesť miliárd USD. Kaspická ropa by mala do desiatich rokov zásobovať aj Európu. Rop...
Gespeichert in:
| 1. Verfasser: | |
|---|---|
| Format: | Buchkapitel |
| Sprache: | Slowakisch |
| Schlagworte: | |
| Tags: |
Keine Tags, Fügen Sie das erste Tag hinzu!
|
MARC
| LEADER | 00000naa a2200000 4500 | ||
|---|---|---|---|
| 001 | r033268 | ||
| 005 | 20230921102124.7 | ||
| 041 | 0 | |a slo | |
| 044 | |a SK | ||
| 245 | 1 | 0 | |a Ropa |c Karel Hirman |
| 520 | |a Z obsahu: Od prvého veľkého ropného šoku uplynulo 25 rokov. Tohtoročný pád cien ropy prudko znížil zisky producentov ropy a núti aj najväčších z nich k fúziám. Rusko tento rok stratí v dôsledku poklesu cien ropy vyše šesť miliárd USD. Kaspická ropa by mala do desiatich rokov zásobovať aj Európu. Ropa v SR je spojená so Slovnaftom a s Družbou. | ||
| 610 | 2 | 0 | |a ropa |
| 610 | 2 | 0 | |a ceny |
| 610 | 2 | 0 | |a zisk |
| 610 | 2 | 0 | |a ropovody |
| 610 | 2 | 0 | |a svet |
| 610 | 2 | 0 | |a Európa |
| 610 | 2 | 0 | |a Rusko |
| 610 | 2 | 0 | |a Slovensko |
| 100 | 1 | |a Hirman, Karel | |